DINOSAURS : (Record no. 181530)

MARC details
000 -LEADER
fixed length control field 00965nam a22003131i 4500
003 - CONTROL NUMBER IDENTIFIER
control field OSt
005 - DATE AND TIME OF LATEST TRANSACTION
control field 20210125004639.0
008 - FIXED-LENGTH DATA ELEMENTS--GENERAL INFORMATION
fixed length control field 210124t20202020enka|||jr|||| 000 0 eng d
020 ## - INTERNATIONAL STANDARD BOOK NUMBER
International Standard Book Number 9780241433157
Terms of availability RM 28.95
Qualifying information paperback
040 ## - CATALOGING SOURCE
Original cataloging agency PPAK
Language of cataloging eng
Transcribing agency PPAK
Description conventions rda
082 04 - DEWEY DECIMAL CLASSIFICATION NUMBER
Edition number 23
Classification number 567.9
090 ## - LOCALLY ASSIGNED LC-TYPE CALL NUMBER (OCLC); LOCAL CALL NUMBER (RLIN)
Classification number (OCLC) (R) ; Classification number, CALL (RLIN) (NR) 567.9
Feature heading DIX
Feature heading K
100 1# - MAIN ENTRY--PERSONAL NAME
Personal name Dixon, Dougal ,
Relator term author.
245 10 - TITLE STATEMENT
Title DINOSAURS :
Remainder of title RIVETING READS FOR CURIOUS KIDS /
Statement of responsibility, etc. By Dougal Dixon.
264 #1 - PRODUCTION, PUBLICATION, DISTRIBUTION, MANUFACTURE, AND COPYRIGHT NOTICE
Place of production, publication, distribution, manufacture London :
Name of producer, publisher, distributor, manufacturer DK Children ;
Date of production, publication, distribution, manufacture, or copyright notice 2020.
Date of production, publication, distribution, manufacture, or copyright notice ©2020.
300 ## - PHYSICAL DESCRIPTION
Extent 95 pages :
Other physical details black and white illustrations ;
Dimensions 20 cm.
336 ## - CONTENT TYPE
Content type term text
Source rdacontent
Content type term still image
Source rdacontent
337 ## - MEDIA TYPE
Media type term unmediated
Source rdamedia
338 ## - CARRIER TYPE
Carrier type term volume
Source rdacarrier
490 1# - SERIES STATEMENT
Series statement Mega bites
521 ## - TARGET AUDIENCE NOTE
Target audience note Primary.
650 #0 - SUBJECT ADDED ENTRY--TOPICAL TERM
Topical term or geographic name entry element Dinosaurs
Form subdivision Juvenile fiction.
700 1# - ADDED ENTRY--PERSONAL NAME
Personal name Moor, Becka,
Relator term illustrator.
Personal name Blyton, Enid.
Relationship information Based on (work):
Title of a work Famous five books.
830 #0 - SERIES ADDED ENTRY--UNIFORM TITLE
Uniform title Mega bites
942 ## - ADDED ENTRY ELEMENTS (KOHA)
Source of classification or shelving scheme Dewey Decimal Classification
Koha item type Book
Holdings
Withdrawn Not for loan Current library Shelving location Date acquired Total Checkouts Total Renewals Full call number Barcode Date last seen Date last checked out Koha item type
    Perpustakaan Alor Setar Pinjaman Kanak-kanak 09/02/2021 4 1 K 567.9 DIX A01674395 12/09/2024 26/08/2024 Book
    Perpustakaan Awam Sungai Petani Pinjaman Kanak-kanak 09/02/2021 7   K 567.9 DIX A01674396 20/08/2025 11/08/2025 Book
    Perpustakaan Baling Pinjaman Kanak-kanak 09/02/2021 1   K 567.9 DIX A01674398 14/06/2026 06/06/2026 Book
    Perpustakaan Bandar Baharu Pinjaman Kanak-kanak 09/02/2021 2   K 567.9 DIX A01674399 18/06/2025 15/05/2025 Book
    Perpustakaan Kulim Pinjaman Kanak-kanak 09/02/2021 2 1 K 567.9 DIX A01674397 08/09/2024 18/08/2024 Book